Geomundo : febrero 1979 /

Đã lưu trong:
Chi tiết về thư mục
Tác giả khác: Hinojosa Flores, Ricardo A. (dirección) (dirección)
Định dạng: Sách
Ngôn ngữ:Tiếng Tây Ban Nha
Được phát hành: México : Editorial América, 1979, c1979
Những chủ đề:
Các nhãn: Thêm thẻ
Không có thẻ, Là người đầu tiên thẻ bản ghi này!

MARC

LEADER 00000nam^a2200000^a^4500
001 000094270
005 20250521000000.0
009 20260310092830.294
037 |a Acervo ITESO - Biblioteca 
041 |a ESP 
082 |a 900. 5  |b GEO 1979 V. 3 T. 2 
240 1 1 |a [Geomundo] 
245 1 0 |a Geomundo :  |b febrero 1979 /  |c Dir. de R.A. Hinojosa Flores. 
264 4 |a México :  |b Editorial América,  |c 1979, c1979 
300 |a p. 146-270 
336 |a texto  |b txt  |2 rdacontenido 
337 |a sin mediación  |b n  |2 rdamedio 
338 |a volumen  |b nc  |2 rdasoporte 
649 |a XX 
650 |a Geografía -  |x Publicaciones Periódicas Mexicanas 
650 |a Borgoña, Francia -  |x Descripción 
650 |a Guatemala -  |x Descripción 
650 |a Jirafas 
650 |a Pirañas 
650 |a Lagartos 
650 |a Egipto -  |x Historia -  |y Reconquista Persa, 341-332 a.C. 
650 |a Ramsés II, Faraón de Egipto 
700 |a Hinojosa Flores, Ricardo A.  |e (dirección) 
910 |a Fondo Jesús Rodríguez 
920 |a Impresos - Libros 
930 |a Fondos Especiales 
905 |a 113 
901 |a 0500028595  |b IT2  |c ESP  |u 20250521 
902 |a https://opac.biblio.iteso.mx/vufind/Record/000094270